Các dân tộc nguồn gốc Nam á ở miền Bắc Việt Nam

সংরক্ষণ করুন:
গ্রন্থ-পঞ্জীর বিবরন
প্রধান লেখক: Vương Hoàng Tuyên
বিন্যাস: গ্রন্থ
ভাষা:Undetermined
প্রকাশিত: Hà Nội Giáo dục 1963
বিষয়গুলি:
ট্যাগগুলো: ট্যাগ যুক্ত করুন
কোনো ট্যাগ নেই, প্রথমজন হিসাবে ট্যাগ করুন!
Thư viện lưu trữ: Trung tâm Học liệu Trường Đại học Cần Thơ
LEADER 00545nam a2200169Ia 4500
001 CTU_8418
008 210402s9999 xx 000 0 und d
082 |a 572.8 
082 |b T527 
100 |a Vương Hoàng Tuyên 
245 0 |a Các dân tộc nguồn gốc Nam á ở miền Bắc Việt Nam 
245 0 |c Vương Hoàng Tuyên 
260 |a Hà Nội 
260 |b Giáo dục 
260 |c 1963 
650 |a ethnology - north vietnam,human geography 
980 |a Trung tâm Học liệu Trường Đại học Cần Thơ